Περιφερειακή πολιτική και δικτύωση φορέων με στόχο την κοινοτική ανάπτυξη : ανάλυση κοινωνικών δικτύων στο πλαίσιο του ισπανικού σχεδίου δράσης : [μεταπτυχιακή διατριβή]

Αποθηκεύτηκε σε:
Λεπτομέρειες βιβλιογραφικής εγγραφής
Κύριος συγγραφέας: Βακαλίδης, Αλέξανδρος
Συγγραφή απο Οργανισμό/Αρχή: Πανεπιστήμιο Αιγαίου Σχολή Κοινωνικών Επιστημών Τμήμα Κοινωνιολογίας Μεταπτυχιακό Πρόγραμμα Σπουδών Έρευνα Εφαρμοσμένη στην Ανάπτυξη Καινοτόμων Τοπικών και Περιφερειακών Πολιτικών και την Κοινωνική Συνοχή
Άλλοι συγγραφείς: Ναγόπουλος, Νίκος (Εισηγητής διατριβής)
Μορφή: Thesis Βιβλίο
Γλώσσα:Greek
Δημοσίευση: 2009
Θέματα:
Διαθέσιμο Online:http://hdl.handle.net/11610/11961
Ετικέτες: Προσθήκη ετικέτας
Δεν υπάρχουν, Καταχωρήστε ετικέτα πρώτοι!

MARC

LEADER 00000cam a2200000 i 4500
001 1/6606
008 100419s2009 gre d
035 |l 10107569 
040 |a GR-MY-UA  |b gre  |e aacr 
041 0 |a gre 
082 0 |a 303.4833  |2 (22) 
100 1 |a Βακαλίδης, Αλέξανδρος. 
245 1 0 |a Περιφερειακή πολιτική και δικτύωση φορέων με στόχο την κοινοτική ανάπτυξη :  |b ανάλυση κοινωνικών δικτύων στο πλαίσιο του ισπανικού σχεδίου δράσης : [μεταπτυχιακή διατριβή] /  |c Αλέξανδρος Βακαλίδης ; επιβλέπων καθηγητής Νίκος Ναγόπουλος 
260 |c 2009 
300 |a 191 σ.;  |b εικ.;  |c 30 εκ. 
500 |a Βιβλιογραφία: σ. 157-170 
502 |a Διατριβή (μεταπτυχιακή) – Πανεπιστήμιο Αιγαίου, Λέσβος, 2009. 
650 0 0 |a Social networks  |z Spain. 
650 0 0 |a Public administration  |z Spain. 
650 0 0 |a Internet in public administration. 
650 0 0 |a Information society. 
650 0 0 |a Computer networks  |x Social aspects. 
650 0 0 |a Dissertations, Academic  |z Greece. 
700 1 |4 ths  |a Ναγόπουλος, Νίκος. 
710 2 |a Πανεπιστήμιο Αιγαίου  |b Σχολή Κοινωνικών Επιστημών  |b Τμήμα Κοινωνιολογίας  |b Μεταπτυχιακό Πρόγραμμα Σπουδών Έρευνα Εφαρμοσμένη στην Ανάπτυξη Καινοτόμων Τοπικών και Περιφερειακών Πολιτικών και την Κοινωνική Συνοχή. 
852 |a INST  |b LESVOS  |c DIATR  |e 20100419  |h 87  |p 005100046214  |q 005100046214  |t MTXE  |y 23 
852 |a INST  |b LESVOS  |c DIATR  |e 20100419  |h 88  |p 005100046213  |q 005100046213  |t MTXE  |y 23 
856 |u http://hdl.handle.net/11610/11961 
901 |a BIBL1-2010-1 
909 |a Λ  |b 162840 
909 |a Λ  |b 162841 
924 |a ΒΑΚΑΛΙΔΗΣ  |b ΑΛΕΞΑΝΔΡΟΣ  |y ΛΕΣΒΟΣ  |z 2009-11 
970 |a ΤΖΑΦΕΡΗ  |b ΕΥΑΓΓΕΛΙΑ  |z 2010/04/19